00430nam a2200157Ia 450000500170000000800460001703700120006304000200007504100130009508400180010810000310012624500510015726000360020830000140024436500140025820250923144849.0008 250917s9999 xx 000 0 eng d aTextual aDSWLbengcDSWL aeng2eng aS:4, K3qDSWL aKatz, Robert L.  0aEmpathy its nature and usescby Robert L. Katz aGloncoe bThe Free Press c1963 axii,210p. aUSDb4.95